LEADER 01457nam a2200349 u 4500 001 000000058204 003 CaOOAMICUS 005 20130513150545.0 008 010529s1977 it af u000 u ita u 020 $a8802024669 035 $a10890688 040 $aPUL(R)$bita 100 0 $aIgnatius Loyola,$cs.,$d1491-1556.$0(OLS)http://pul/name/15097 240 10$aGruppi, scelte$9(Ignatius Loyola, s., 1491-1556).$0(OLS)http://pul/title/77956 245 14$aGli scritti /$cdi Ignazio di Loyola ; a cura di Mario Gioia. 260 $aTorino :$bUTET,$c1977. 300 $a1119 p. :$bill. ;$c24 cm 490 1 $aClassici UTET 490 1 $aClassici delle religioni.$aSezione quarta, Religione cattolica 500 $aContiene indici. 504 $aBibliografia : p. 27-58. 700 1 $aGioia, Mario,$cS.I.$0(OLS)http://pul/name/2158 830 0$aClassici UTET.$0(OLS)http://pul/title/1243 830 0$aClassici delle religioni (UTET).$nSezione quarta,$pReligione cattolica.$0(OLS)http://pul/title/5149 850 $aPUL 852 $aPUL$W1$xSL Religione 3$y85$m200. 3 COLL 3.31$j153969$nBK-PRI$qDDC 21$B76057$CPULBib$Z2$F76057 $H68740 $82 900 $aIgnazio di Loyola,$cs.,$d1491-1556$915097 941 1 $a9 961 $aINV: 68740 996 $6020$a8802024669$9(OLS)http://pul/number/73717 996 $6245$aGli scritti$9(OLS)http://pul/title/63580 996 $6260$aTorino :$bUTET$9(OLS)http://pul/publisher/48088 LEADER 01407nam a2200313 a 4500 001 000000147391 003 CaOOAMICUS 005 20151116115129.0 008 151116s1948 gw af u000 u ger r 032 $aLibriCat 040 $aPUL$bita 100 0 $aTeresia a Iesu Infante,$csanta,$d1873-1897.$0(OLS)http://pul/name/34344 245 10$aGeschichte einer Seele :$bSelbstbiographie der heiligen Theresia vom Kinde Jesu. 250 $a167. bis 171. Tausend der deutschen Ausg. 260 $aTrier :$bJohann Josef Zimmer,$c1948. 300 $a263 p., [1] p. di tav. :$bill. ;$c20 cm. 500 $aSul front.: Lizenzausgabe. 504 $aBibliografia in nota. 600 04$aTheresia a Iesu Infante,$cs.,$d1873-1897$xBiografia.$0(OLS)http://pul/subject/22932 850 $aPUL 852 $aPUL$W1$xDP1 Religione 1$y20$m642 O 68$j170346$qStampati$B171125$CPULBib$Z2$F171125 $81 900 $aTeresa di Lisieux,$cs.,$d1873-1897$934344 900 $aTeresa di Gesł Bambino,$cs.,$d1873-1897$934344 900 $aTeresia a Iesu Infante,$cs.,$d1873-1897$934344 941 1 $a8 961 $aNota ms. sul front. per precedente collocazione: Biogr. 87 E 996 $6245$aGeschichte einer Seele :$bSelbstbiographie der heiligen Theresia vom Kinde Jesu$9(OLS)http://pul/title/186046 996 $6260$aTrier :$bJohann Josef Zimmer$9(OLS)http://pul/publisher/84220